000
00292nam a22001217a 4500
008
170204b xxu||||| |||| 00| 0 eng d
041
_a
eng
080
_2
2ND
_a
61
100
_a
3
101
_a
SHM
245
_a
CURRENT DIAGNOSIS & TRATMENT IN GASTROENTEROLOGY
_c
FRIEDMAN, S.L
942
_2
udc
_c
BK
999
_c
4640
_d
4640